Most Viewed Music Videos On Youtube - Statistics

General Stats
  • This quiz has been taken 36 times
  • The average score is 34 of 100
Answer Stats
Views Artist(s) Song % Correct
8,141,930,626 Luis Fonsi, Daddy Yankee Despacito
94%
5,976,733,526 Ed Sheeran Shape of You
94%
2,950,017,819 Justin Bieber, Ludacris Baby
88%
5,865,179,414 Wiz Khalifa, Charlie Puth See You Again
85%
4,774,214,120 PSY Gangnam Style
82%
3,780,579,043 Katy Perry Roar
73%
3,858,644,139 Maroon 5 Sugar
70%
4,900,003,046 Mark Ronson, Bruno Mars Uptown Funk
70%
3,564,575,197 Shakira Waka Waka
70%
3,656,159,376 Justin Bieber Sorry
61%
3,429,959,319 Ed Sheeran Perfect
58%
3,278,311,534 Taylor Swift Shake It Off
58%
3,775,687,021 OneRepublic Counting Stars
55%
3,439,404,573 Alan Walker Faded
55%
3,065,511,473 Adele Hello
55%
3,502,329,753 Katy Perry, Juicy J Dark Horse
48%
3,424,487,797 Passenger Let Her Go
48%
2,421,642,935 Imagine Dragons Believer
45%
2,002,003,965 Tones And I Dance Monkey
45%
3,368,646,476 Major Lazer, DJ Snake Lean On
45%
2,858,794,476 Dua Lipa New Rules
45%
1,917,831,426 Jessie J, Ariana Grande, Nicki Minaj Bang Bang
42%
3,144,540,109 Taylor Swift Blank Space
42%
2,907,928,290 The Chainsmokers, Halsey Closer
42%
2,588,008,520 Eminem, Rihanna Love The Way You Lie
42%
2,218,208,298 Adele Rolling in the Deep
42%
2,665,823,502 Twenty One Pilots Stressed Out
42%
2,254,976,309 Avicii Wake Me Up
42%
2,576,777,378 Meghan Trainor All About That Bass
39%
2,272,936,307 John Legend All of Me
39%
2,603,777,367 Sia Chandelier
39%
2,276,160,207 LMFAO, Lauren Bennett, GoonRock Party Rock Anthem
39%
2,787,647,528 Clean Bandit, Sean Paul, Anne-Marie Rockabye
39%
2,228,466,952 The Weeknd, Daft Punk Starboy
39%
3,585,718,304 Ed Sheeran Thinking Out Loud
39%
3,404,283,664 Maroon 5, Cardi B Girls Like You
36%
3,211,120,137 J Balvin, Willy William Mi Gente
36%
2,108,868,298 Jennifer Lopez, Pitbull On The Floor
36%
2,034,731,663 Post Malone, Swae Lee Sunflower
36%
2,537,914,554 Bruno Mars The Lazy Song
36%
2,650,755,143 Calvin Harris, Rihanna This Is What You Came For
36%
1,770,489,734 Macklemore & Ryan Lewis, Wanz Thrift Shop
36%
1,979,621,551 Imagine Dragons Thunder
36%
2,225,714,904 Justin Bieber What Do You Mean?
36%
2,154,841,381 Rihanna Diamonds
33%
1,941,708,840 Camila Cabello, Young Thug Havana
33%
1,758,214,663 50 Cent In Da Club
33%
2,109,958,704 Ariana Grande, Nicki Minaj Side To Side
33%
2,131,945,589 Bruno Mars That’s What I Like
33%
2,839,076,871 Shakira, Maluma Chantaje
30%
1,805,182,197 Sia, Sean Paul Cheap Thrills
30%
2,663,752,948 Daddy Yankee, Snow Con Calma
30%
1,787,562,055 Billie Eilish, Khalid Lovely
30%
2,104,669,385 Gotye, Kimbra Somebody That I Used To Know
30%
2,342,754,765 Shawn Mendes Treat You Better
30%
2,966,067,405 Charlie Puth, Selena Gomez We Don’t Talk Anymore
30%
2,698,209,730 Fifth Harmony, Ty Dolla $ign Work from Home
30%
3,368,955,729 Enrique Iglesias, Descemer Bueno, Gente De Zona Bailando
27%
2,710,034,230 Pedro Capó, Farruko Calma (Remix)
27%
2,031,393,876 Twenty One Pilots Heathens
27%
1,923,871,357 Drake Hotline Bling
27%
1,818,216,032 Bruno Mars Just The Way You Are
27%
2,292,987,807 Ellie Goulding Love Me Like You Do
27%
1,983,778,117 Linkin Park Numb
27%
2,349,398,816 MAGIC! Rude
27%
2,141,439,173 The Chainsmokers, Coldplay Something Just Like This
27%
1,971,618,963 The Weeknd The Hills
27%
1,903,375,078 Silentó Watch Me
27%
2,384,238,188 Marshmello Alone
24%
2,255,784,201 Christina Perri A Thousand Years
24%
2,074,353,071 ROSALÍA, J Balvin, El Guincho Con Altura
24%
1,952,126,749 The Chainsmokers, Daya Don’t Let Me Down
24%
2,262,644,627 Luis Fonsi, Demi Lovato Échame La Culpa
24%
2,001,032,294 Adele Someone Like You
24%
2,450,352,265 DJ Snake, Selena Gomez, Ozuna, Cardi B Taki Taki
24%
2,175,221,137 Fifth Harmony, Kid Ink Worth It
24%
2,153,737,234 Nicky Jam, J Balvin X
24%
1,989,183,792 ZAYN, Sia Dusk Till Dawn
18%
1,782,330,394 BLACKPINK Kill This Love
18%
1,789,512,856 Danny Ocean Me Rehúso
18%
2,030,623,250 Guns N’ Roses November Rain
18%
2,108,949,313 Becky G, NATTI NATASHA Sin Pijama
18%
2,368,156,935 Casper, Nio García, Darell, Nicky Jam, Bad Bunny, Ozuna Te Bote Remix
18%
2,025,113,283 Jhay Cortez, J Balvin, Bad Bunny No Me Conoce (Remix)
15%
2,007,861,502 Anuel AA, Daddy Yankee, Karol G, Ozuna, J Balvin China
12%
2,470,515,102 Natti Natasha, Ozuna Criminal
12%
2,052,462,708 BLACKPINK DDU-DU DDU-DU
12%
1,901,845,173 Daddy Yankee Dura
12%
1,838,747,881 Maluma Felices los 4
12%
2,281,795,547 Becky G, Bad Bunny Mayores
12%
1,878,284,757 Coldplay Hymn For The Weekend
9%
2,099,366,413 Future, Drake Life Is Good
6%
1,795,347,652 Los Ángeles Azules, Natalia Lafourcade Nunca Es Suficiente
6%
2,011,478,008 Romeo Santos Propuesta Indecente
6%
1,756,824,251 Chino y Nacho, Daddy Yankee Andas En Mi Cabeza
3%
1,923,580,194 J Balvin Ay Vamos
3%
1,771,872,127 MC Fioti Bum Bum Tam Tam
3%
1,811,831,601 Ozuna, Romeo Santos El Farsante (Remix)
3%
1,844,665,304 Ricky Martin, Maluma Vente Pa' Ca
3%
1,844,750,624 Piso 21, Manuel Turizo Déjala Que Vuelva
0%
No matching quizzes found
Score Distribution
Percent of People with Each Score
Percentile by Number Answered
Your Score History
You have not taken this quiz